000 00849nam a22002777a 4500
008 130618b xxu||||| |||| 00| 0 eng d
020 _a81-309-0019-X
024 _cAvailable
037 _cAvailable
040 _aMBSTU LIBRARY
_dMBSTU LIBRARY
082 _222
_a364.1323 HAC
100 _aHarvis, Godfrey.
110 _aBerdell R Funke and Christine L Case.
245 _aCorruption: how to deal with its impact on business and society.
250 _a1st Indian.
260 _aNew Delhi
_bViva Book Private Ltd.
_c2005
300 _a22 cm.
_b148 page
_f6
_g22 cm.
600 _2Corruption.
650 _2Corruption.
700 _aHarvis, Godfrey.
710 _aBerdell R Funke and Christine L Case.
270 _aNew Delhi
_bNew Delhi
_dIndia
365 _b251.00
_d251.00
942 _2ddc
_cBK
999 _c499
_d499